000 00380 a2200169 4500
001 49592
020 _a852810320X
040 _cAnchieta - Bela Vista
100 _aMachado, Ana Maria
240 1 0 _aUm gato no telhado
_lpor
245 1 0 _aUm gato no telhado
300 _a29 p.
362 0 _a1999
440 1 _aSalamandra
650 4 _aLiteratura infanto-juvenil
942 _cBK
999 _c49592
_d49592